000 00761nam a2200217Ia 4500
999 _c39671
_d39671
001 6274
003 GE_BSU
005 20190930145938.0
008 181216s1939||||ge |||||||||||||| ||geo||
040 _cGE_BSU
041 _ageo
080 _a821.353.1-32 ბ-20
100 _aბალიაური, ლადო
_94389
245 _aსტუმარი :
_bმოთხრობა /
_cლადო ბალიაური ; რედ. ი. კუპრაძე.
264 _aთბილისი :
_bსაბლიტგამი ;
_c1939.
300 _a50გვ;17სმ.
653 _aსტუმარი
653 _aმოთხრობა
700 _aკუპრაძე, ი.
_eრედაქტორი
_94390
942 _cBK
_2udc